Guía de árboles y arbustos del Parque Zoológico Simón Bolívar /
| Hlavní autor: | |
|---|---|
| Korporativní autor: | |
| Médium: | Kniha |
| Jazyk: | španělština |
| Vydáno: |
San José, C.R. :
Fundación Pro Zoológicos,
1998
|
| Témata: |
MARC
| LEADER | 00000nam a2200000Ia 4500 | ||
|---|---|---|---|
| 008 | 170901b1998 cr ||||| |||| 00| | spa d | ||
| 999 | |c 915 |d 915 | ||
| 020 | |a 9968989908 | ||
| 090 | |a 07.07.01 |b 478 | ||
| 100 | 1 | |a Vargas Rojas, Gustavo |9 3137 | |
| 245 | 1 | 0 | |a Guía de árboles y arbustos del Parque Zoológico Simón Bolívar / |c Gustavo Vargas Rojas |
| 260 | |a San José, C.R. : |b Fundación Pro Zoológicos, |c 1998 | ||
| 300 | |a 72 páginas | ||
| 650 | 1 | 4 | |a ÁRBOLES |9 3138 |
| 650 | 1 | 4 | |a PARQUES NACIONALES |9 3139 |
| 710 | 2 | |a Fundación Prozoológicos |9 3140 | |
| 942 | |i 00840 |h 07.07.01 478 |2 z |c 01 | ||
